| 000 | 01419cam a2200349 a 4500 | ||
|---|---|---|---|
| 005 | 20031230185550.0 | ||
| 008 | 940308s1993 enkab b 001 0 eng | ||
| 010 | _aENG-101581 | ||
| 020 |
_a9788125039600 _c245.00 |
||
| 035 | _aEN-85114 | ||
| 037 | _bDBAD/PUB | ||
| 040 |
_adpl _bEng |
||
| 082 | _a941.082092 | ||
| 100 | 1 |
_922405 _aSpear, Thomas George Percival. |
|
| 245 | 1 | 0 |
_aIndia remembered/ _cby Percival Spear [and] Margaret Spear ; with an introduction by Narayani Gupta. |
| 250 | _a2nd ed | ||
| 260 |
_aNew Delhi _bOrient Blackswan _c2010 |
||
| 270 |
_a1/24 Asaf Ali Road _bNew Delhi _e110002 |
||
| 300 |
_axx,179p. _c22cm (pbk) |
||
| 600 |
_aSpear, Thomas George Percival _xTravel _zIndia. _923357 |
||
| 600 |
_aSpear, Margaret _xTravel _zIndia. _923358 |
||
| 650 | 0 | _922406 | |
| 651 |
_aIndia _xDescription and travel. _923359 |
||
| 651 |
_aIndia _xSocial conditions. _91549 |
||
| 651 |
_aIndia _xEconomic conditions. _923360 |
||
| 700 |
_aSpear, Margaret _922414 |
||
| 700 | _922425 | ||
| 856 | 4 | 2 |
_3Publisher description _uhttp://www.loc.gov/catdir/description/texas041/93060588.html |
| 856 | 4 | 1 |
_3Table of contents _uhttp://www.loc.gov/catdir/toc/texas041/93060588.html |
| 942 |
_2ddc _cEN _mGUP _h941.082092 |
||
| 999 |
_c48003 _d48003 |
||